000 02329nam a2200361zi 4500
001 991061597558706706
003 ES-BaIT
005 20260218112210.0
008 260127s2024 sp |||| 0 spa||
020 _a9788410522039
040 _aES-BaMMU
_bcat
_cES-BaMMU
080 _a784.4
084 _a784
090 _a784 Cas
100 1 _aCastro, Eduardo
_eautor
_912563
245 1 0 _aFlamencas :
_blas mujeres en la historia del flamenco /
_cEduardo Castro
250 _aPrimera edició.
264 1 _aCórdoba :
_bAlmuzara,
_cseptiembre de 2024
300 _a215 pàgines :
_bil·lustracions ;
_c24 cm
336 _atext
_btxt
_2rdacontent
337 _asense mediació
_bn
_2rdamedia
338 _avolum
_bnc
_2rdacarrier
490 1 _aFlamenco. Serie Ensayo.
500 _a Errada tipogràfica al llom:"Flaemcas"
520 _a"Históricamente, el flamenco ha contado con figuras masculinas prominentes, mientras que las mujeres a menudo han sido reconocidas principalmente por su papel en el baile. Sin embargo, Eduardo Castro nos muestra cómo, más allá de los roles tradicionales, las mujeres han dejado una huella profunda y duradera en el cante y el toque flamenco. A través de una investigación meticulosa, Castro nos guía por un viaje que revela la riqueza y el talento de las intérpretes femeninas en el flamenco. Desde los vibrantes cafés cantantes hasta la profesionalización del flamenco en el siglo XX, estas mujeres no solo han sido partícipes, sino verdaderas protagonistas y creadoras de tendencias dentro del género. Su arte ha influido profundamente en la evolución del flamenco y ha sido esencial en la formación de algunos de los más grandes maestros de este arte. «Flamencas» es una obra que celebra la excelencia artística y la contribución de las mujeres al flamenco. No es solo un libro sobre música y danza; es una reivindicación del talento y la maestría de aquellas mujeres que han enriquecido y transformado la historia del flamenco con su pasión y habilidad incomparable." -- Contracoberta
650 0 _aFlamenc (Dansa)
_xHistòria
_2lemac
_970854
650 7 _aDones en el flamenc
_956714
650 7 _aDones en la música de flamenc
_2lemac
_956720
830 _aFlamenco (Almuzara)
_9160884
908 _aMDMB
_aCDMAE
940 _aMDMB
942 _2udc
_c1
999 _c137077
_d137077